00547nam a22001457a 4500003000400000005001700004008004100021040001100062041001200073100005500085245011000140260005100250650004300301856005700344OSt20260406122725.0260406b |||||||| |||| 00| 0 eng d cMRSPTU aEnglish aAmandeep Kaur, Supervisor: Dr. Puneet Kumar Bansal aNeuroprotective Effect of Nerolidol In Traumatic Brain Injury Associated Behavioral Comorbidities In Rats bDepartment of Pharmacy, MRSPTU, Bathindac2019 aPharmaceutical Sciences and Technology uhttp://163.47.215.52:8080/jspui/handle/123456789/155